| Tag |
First Indicator |
Second Indicator |
Subfields |
| LEADER |
00000cas a2200000 a 4500 |
| 001 |
in00001403769 |
| 005 |
20151020053148.0 |
| 008 |
000922d19uu1999txuuu 0 a0eng d |
| 035 |
|
|
|a (OCoLC)ocm45061781
|
| 040 |
|
|
|a TXA
|c TXA
|d UtOrBLW
|
| 049 |
|
|
|a TXAE
|
| 090 |
|
|
|a HD9579.C32
|b P46
|
| 245 |
0 |
0 |
|a Petrochemical data handbook.
|
| 250 |
|
|
|a U.S ed.
|
| 264 |
|
1 |
|a Houston, Tex. :
|b Chemical Market Associates, Inc.
|
| 300 |
|
|
|a volumes :
|b illustrations ;
|c 28 cm.
|
| 336 |
|
|
|a text
|b txt
|2 rdacontent
|
| 337 |
|
|
|a unmediated
|b n
|2 rdamedia
|
| 338 |
|
|
|a volume
|b nc
|2 rdacarrier
|
| 362 |
1 |
|
|a Ceased with 1999.
|
| 500 |
|
|
|a Description based on 1991.
|
| 650 |
|
0 |
|a Petroleum chemicals industry
|v Periodicals.
|
| 650 |
|
0 |
|a Prices
|v Periodicals.
|
| 710 |
2 |
|
|a Chemical Market Associates.
|
| 994 |
|
|
|a E0
|b TXA
|
| 948 |
|
|
|a cataloged
|b h
|c 2000/9/22
|d c
|e coplinger
|f 12:58:15 pm
|
| 999 |
|
|
|a MARS
|
| 999 |
f |
f |
|s 209de66a-0858-300c-9cda-76092c7679b8
|i da220549-03c9-371c-a4e7-e505f43d0b91
|t 0
|
| 952 |
f |
f |
|p ric
|a Texas A&M University
|b Rellis Campus
|c Joint Library Facility
|d Remote Storage
|t 0
|e HD9579.C32 P46
|h Library of Congress classification
|i unmediated -- volume
|k 1999
|m A14826727910
|
| 952 |
f |
f |
|p ric
|a Texas A&M University
|b Rellis Campus
|c Joint Library Facility
|d Remote Storage
|t 0
|e HD9579.C32 P46
|h Library of Congress classification
|i unmediated -- volume
|k 1995
|m A14826687021
|
| 952 |
f |
f |
|p ric
|a Texas A&M University
|b Rellis Campus
|c Joint Library Facility
|d Remote Storage
|t 0
|e HD9579.C32 P46
|h Library of Congress classification
|i unmediated -- volume
|k 1991
|m A14822013165
|
| 998 |
f |
f |
|a HD9579.C32 P46
|s 1991,1995,1999
|t 0
|l Remote Storage
|